000
00340 a2200157 4500
001
162926
020
_a
040
_c
Magnum
100
_a
Giovanni, Jose Ruy
240
1
0
_a
Matematica: trigonometria/v.13
_l
por
245
1
0
_a
Matematica: trigonometria/v.13
362
0
_a
1899
440
1
_a
FTD
697
_a
PARADIDATICO
942
_c
BK
999
_c
162926
_d
162926